000 00409 a2200121 4500
001 ART_14828
005 20260410161614.0
008 260409a
245 1 0 _aLlegó la hora de convertir la gestión en una verdadera profesión
100 1 _aNohria, NItin
700 1 _aKhurana, Rakesh
773 0 _tHarvard Business Review
_gApóyese en los usuarios - Vol. 86, Nº 10 (oct. 2008)
_wREV340
999 _c10892
_d10892